<?xml version="1.0" encoding="UTF-8"?><?xml-stylesheet type="text/xsl" href="static/style.xsl"?><OAI-PMH xmlns="http://www.openarchives.org/OAI/2.0/" xmlns:xsi="http://www.w3.org/2001/XMLSchema-instance" xsi:schemaLocation="http://www.openarchives.org/OAI/2.0/ http://www.openarchives.org/OAI/2.0/OAI-PMH.xsd"><responseDate>2026-04-28T05:32:58Z</responseDate><request verb="GetRecord" identifier="oai:uvadoc.uva.es:10324/77409" metadataPrefix="marc">https://uvadoc.uva.es/oai/request</request><GetRecord><record><header><identifier>oai:uvadoc.uva.es:10324/77409</identifier><datestamp>2026-01-28T13:39:16Z</datestamp><setSpec>com_10324_38</setSpec><setSpec>col_10324_852</setSpec></header><metadata><record xmlns="http://www.loc.gov/MARC21/slim" xmlns:doc="http://www.lyncode.com/xoai" xmlns:xsi="http://www.w3.org/2001/XMLSchema-instance" xmlns:dcterms="http://purl.org/dc/terms/" xsi:schemaLocation="http://www.loc.gov/MARC21/slim http://www.loc.gov/standards/marcxml/schema/MARC21slim.xsd">
<leader>00925njm 22002777a 4500</leader>
<datafield tag="042" ind1=" " ind2=" ">
<subfield code="a">dc</subfield>
</datafield>
<datafield tag="720" ind1=" " ind2=" ">
<subfield code="a">Robledo Pérez, Diego</subfield>
<subfield code="e">author</subfield>
</datafield>
<datafield tag="260" ind1=" " ind2=" ">
<subfield code="c">2025</subfield>
</datafield>
<datafield tag="520" ind1=" " ind2=" ">
<subfield code="a">El bullying y el ciberbullying, en todas sus manifestaciones, representan una de las &#xd;
problemáticas más prevalentes en el contexto contemporáneo, constituyéndose como un &#xd;
ámbito de estudio de alta relevancia y aún con una limitada producción académica. El &#xd;
presente trabajo tiene como propósito, en primera instancia, desarrollar un marco &#xd;
conceptual que permita abordar los conceptos fundamentales vinculados a esta temática, &#xd;
incluyendo la identificación de los actores involucrados y el análisis de las consecuencias, &#xd;
tanto inmediatas como a largo plazo. En segunda instancia, se plantea la realización de &#xd;
una revisión sistemática de la literatura científica actualizada, empleando bases de datos &#xd;
reconocidas como Dialnet, Web of Science (WoS) y Google Académico. Con este fin, se &#xd;
establecen criterios rigurosos y estructurados para garantizar una adecuada selección y &#xd;
exclusión de los artículos pertinentes. Los resultados de este estudio estarán orientados a &#xd;
identificar las metodologías más eficaces en los procesos de análisis, prevención e &#xd;
intervención, con el objetivo de beneficiar a todas las partes implicadas.</subfield>
</datafield>
<datafield tag="024" ind2=" " ind1="8">
<subfield code="a">https://uvadoc.uva.es/handle/10324/77409</subfield>
</datafield>
<datafield tag="245" ind1="0" ind2="0">
<subfield code="a">Bullying, ciberbullying y acoso escolar: una revisión sistemática actualizada</subfield>
</datafield>
</record></metadata></record></GetRecord></OAI-PMH>